000 00614nam a2200205 a 4500
005 20240228063647.0
008 140327s2007 es r 000 0 spa d
020 _a9788479421304
035 _aUPN01000196600
049 _aI
050 4 _aPQ6668 O4.38
_bB4.7
100 1 _aRomeu, Carlos,
_d1948-
_935959
245 1 0 _aBerto lo ve claro /
_ctexto e il. Carlos Romeu.
260 _aMadrid :
_bMacMillan,
_c2007.
300 _a29 p. :
_bprincipalmente il. col.
440 0 _aLibrosaurio
650 4 _aLiteratura infantil española
_95892
650 7 _aLibros ilustrados para niños
_2
_921365
905 _aInfantil
999 _c168701
_d168701